000 00544nam a2200205 a 4500
005 20210219152956.0
008 991125n 000 0 u
035 _aUPN01000070180
100 _aKender, Margaret G.
222 _aNASPA JOURNAL
245 _aCritical thinking : the student affairs connection
300 _a298-304
362 _a28, No. 4, 1991
505 _aMarzo 1992
653 0 _aEMPLEO DE ESTUDIANTES
653 0 _aPENSAMIENTO CRITICO
700 _aKender, Joseph P.
904 _aAC
_b007991
905 _aArticulo
999 _c65269
_d65269